[Event "Ruhrgebiet Verbandsliga Gruppe 1 1718"]
[Site "Germany"]
[Date "2018.02.04"]
[Round "6.3"]
[White "Fuest, Torsten"]
[Black "Kropp, Andreas Juergen"]
[Result "1/2-1/2"]
[WhiteElo "1888"]
[BlackElo "1923"]
[PlyCount "53"]
[EventDate "2017.09.17"]
[EventType "team-tourn"]
[EventRounds "9"]
[EventCountry "GER"]
[SourceTitle "EXT 2022"]
[Source "ChessBase"]
[SourceDate "2021.10.06"]
[SourceVersion "1"]
[SourceVersionDate "2021.10.06"]
[SourceQuality "1"]
[WhiteTeam "Boenen SV"]
[BlackTeam "Eichlinghofen SV"]
[WhiteTeamCountry "GER"]
[BlackTeamCountry "GER"]

1. d4 Nf6 2. c4 c5 3. d5 e5 4. Nc3 d6 5. e4 g6 6. Bd3 Nh5 7. Nge2 Be7 8. Be3 Bg5 9. Qd2 Bxe3 10. Qxe3 0-0 11. 0-0 a6 12. a3 b6 13. b4 Qf6 14. Rab1 Nf4 15. Rb2 Nd7 16. Rfb1 Nxd3 17. Qxd3 Qe7 18. Nc1 f5 19. Nb3 Nf6 20. f3 fxe4 21. Nxe4 Qd8 22. Nbd2 Bf5 23. bxc5 bxc5 24. Rb6 Bxe4 25. Nxe4 Nxe4 26. Qxe4 Rf4 27. Qe2 1/2-1/2

[Event "Ruhrgebiet Verbandsliga Gruppe 1 1718"]
[Site "Germany"]
[Date "2018.01.14"]
[Round "5.3"]
[White "Berger, Konstantin"]
[Black "Kropp, Andreas Juergen"]
[Result "1-0"]
[WhiteElo "1998"]
[BlackElo "1923"]
[PlyCount "118"]
[EventDate "2017.09.17"]
[EventType "team-tourn"]
[EventRounds "9"]
[EventCountry "GER"]
[SourceTitle "EXT 2022"]
[Source "ChessBase"]
[SourceDate "2021.10.06"]
[SourceVersion "1"]
[SourceVersionDate "2021.10.06"]
[SourceQuality "1"]
[WhiteTeam "Essen Werden"]
[BlackTeam "Eichlinghofen SV"]
[WhiteTeamCountry "GER"]
[BlackTeamCountry "GER"]

1. e4 e5 2. Nf3 Nc6 3. Bb5 a6 4. Ba4 Nf6 5. 0-0 Be7 6. Re1 b5 7. Bb3 d6 8. c3 0-0 9. h3 Re8 10. d4 Bf8 11. Nbd2 Bb7 12. d5 Nb8 13. Nf1 Nbd7 14. Ng3 g6 15. a4 Nc5 16. Bc2 c6 17. dxc6 Bxc6 18. axb5 axb5 19. Bg5 h6 20. Rxa8 Bxa8 21. Bc1 Qc7 22. Nh2 h5 23. h4 Bc6 24. Nf3 Ng4 25. Ng5 Bd7 26. Nf1 Ne6 27. Bb3 b4 28. cxb4 Qb6 29. Ne3 Qxb4 30. Nd5 Qc5 31. Be3 Nxe3 32. Nf6+ Kh8 33. Rxe3 Re7 34. Nd5 Nxg5 35. Nxe7 Bxe7 36. hxg5 Bxg5 37. Rd3 Bg4 38. Qe1 Kg7 39. Bd5 Qc2 40. Rb3 Bd2 41. Qf1 f6 42. Rb7+ Kh6 43. Rb6 Qc5 44. Rc6 Qb4 45. b3 h4 46. Qd3 Bf4 47. Qc3 Qb8 48. b4 Kg5 49. Bc4 Bd7 50. Ra6 Bc8 51. Ra1 Qc7 52. Qd3 f5 53. Bd5 Qb6 54. b5 Kf6 55. Bc6 fxe4 56. Qxd6+ Kg5 57. Qe7+ Kh5 58. Qa7 Qd8 59. Bxe4 Bh6 1-0

[Event "Ruhrgebiet Verbandsliga Gruppe 1 1617"]
[Site "Germany"]
[Date "2017.04.30"]
[Round "9.3"]
[White "Kropp, Andreas Juergen"]
[Black "Aulich, Marcell"]
[Result "0-1"]
[WhiteElo "1932"]
[BlackElo "2164"]
[PlyCount "44"]
[EventDate "2016.09.04"]
[EventType "team-tourn"]
[EventRounds "9"]
[EventCountry "GER"]
[SourceTitle "EXT 2022"]
[Source "ChessBase"]
[SourceDate "2021.10.06"]
[SourceVersion "1"]
[SourceVersionDate "2021.10.06"]
[SourceQuality "1"]
[WhiteTeam "Eichlinghofen SV"]
[BlackTeam "Horst Emscher"]
[WhiteTeamCountry "GER"]
[BlackTeamCountry "GER"]

1. d4 d5 2. Nf3 Nf6 3. c4 c6 4. cxd5 cxd5 5. Nc3 e6 6. e3 Nc6 7. Bd3 Bd6 8. 0-0 0-0 9. a3 e5 10. dxe5 Nxe5 11. Nxe5 Bxe5 12. Be2 Qc7 13. Nxd5 Nxd5 14. Qxd5 Rd8 15. Qe4 Bxh2+ 16. Kh1 Be5 17. f4 Bf6 18. Bf3 Rb8 19. Rf2 Bd7 20. Qc2 Qb6 21. Rb1 Rbc8 22. Qe2 Bb5 0-1

[Event "Ruhrgebiet Verbandsliga Gruppe 1 1617"]
[Site "Germany"]
[Date "2017.01.29"]
[Round "6.3"]
[White "Gerst, Michael"]
[Black "Kropp, Andreas Juergen"]
[Result "1/2-1/2"]
[WhiteElo "1992"]
[BlackElo "1959"]
[PlyCount "82"]
[EventDate "2016.09.04"]
[EventType "team-tourn"]
[EventRounds "9"]
[EventCountry "GER"]
[SourceTitle "EXT 2022"]
[Source "ChessBase"]
[SourceDate "2021.10.06"]
[SourceVersion "1"]
[SourceVersionDate "2021.10.06"]
[SourceQuality "1"]
[WhiteTeam "Oberhausen SV II"]
[BlackTeam "Eichlinghofen SV"]
[WhiteTeamCountry "GER"]
[BlackTeamCountry "GER"]

1. Nf3 Nf6 2. c4 c5 3. Nc3 d5 4. cxd5 Nxd5 5. g3 Nc6 6. Bg2 Nc7 7. 0-0 e5 8. Ne1 Be7 9. Nd3 f6 10. b3 Bf5 11. Ne4 Ne6 12. Ba3 Qa5 13. Bb2 0-0 14. f4 exf4 15. Nxf4 Rad8 16. Nc3 Nxf4 17. Rxf4 Be6 18. d3 c4 19. Kh1 cxd3 20. exd3 Bd6 21. Rf1 Be5 22. Na4 Bd5 23. Qe2 Bxg2+ 24. Kxg2 Qd5+ 25. Kg1 b5 26. Bxe5 Nxe5 27. Nb2 Nxd3 28. Nxd3 Qxd3 29. Qxd3 Rxd3 30. Rac1 Rd2 31. Rf2 Rfd8 32. Rxd2 Rxd2 33. Rc8+ Kf7 34. Rc7+ Kg6 35. Rxa7 h5 36. a4 bxa4 37. bxa4 h4 38. gxh4 f5 39. a5 f4 40. a6 Ra2 41. h5+ Kxh5 1/2-1/2

[Event "Ruhrgebiet Verbandsklasse Gruppe 2 1516"]
[Site "Germany"]
[Date "2016.04.24"]
[Round "9.3"]
[White "Eckardt, Samuel"]
[Black "Kropp, Andreas Juergen"]
[Result "0-1"]
[WhiteElo "1803"]
[BlackElo "1927"]
[PlyCount "44"]
[EventDate "2015.09.06"]
[EventType "team-tourn"]
[EventRounds "9"]
[EventCountry "GER"]
[SourceTitle "EXT 2022"]
[Source "ChessBase"]
[SourceDate "2021.10.06"]
[SourceVersion "1"]
[SourceVersionDate "2021.10.06"]
[SourceQuality "1"]
[WhiteTeam "Horst Emscher II"]
[BlackTeam "Eichlinghofen SV"]
[WhiteTeamCountry "GER"]
[BlackTeamCountry "GER"]

1. d4 Nf6 2. Nf3 c5 3. c4 cxd4 4. Nxd4 Qc7 5. b3 e6 6. Bb2 Bb4+ 7. Bc3 Bxc3+ 8. Nxc3 d5 9. Qd2 0-0 10. cxd5 exd5 11. Rc1 Nc6 12. Nxd5 Nxd5 13. Nxc6 bxc6 14. Qxd5 Qf4 15. Qxc6 Bb7 16. Qc7 Qb4+ 17. Qc3 Qa3 18. e3 g6 19. b4 Qa4 20. f3 Rac8 21. Bc4 Bd5 22. Qd4 Qxb4+ 0-1

[Event "Ruhrgebiet Verbandsklasse Gruppe 2 1516"]
[Site "Germany"]
[Date "2015.09.27"]
[Round "2.3"]
[White "Rempe, Moritz"]
[Black "Kropp, Andreas Juergen"]
[Result "1/2-1/2"]
[WhiteElo "1929"]
[BlackElo "1940"]
[PlyCount "54"]
[EventDate "2015.09.06"]
[EventType "team-tourn"]
[EventRounds "9"]
[EventCountry "GER"]
[SourceTitle "EXT 2022"]
[Source "ChessBase"]
[SourceDate "2021.10.06"]
[SourceVersion "1"]
[SourceVersionDate "2021.10.06"]
[SourceQuality "1"]
[WhiteTeam "Bochum SG IV"]
[BlackTeam "Eichlinghofen SV"]
[WhiteTeamCountry "GER"]
[BlackTeamCountry "GER"]

1. e4 c5 2. Nf3 e6 3. d4 cxd4 4. Nxd4 Nf6 5. Bd3 Nc6 6. c3 Be7 7. Be3 0-0 8. Nd2 d5 9. Nxc6 bxc6 10. e5 Nd7 11. f4 Bc5 12. Bd4 Bxd4 13. cxd4 c5 14. Nf3 Qa5+ 15. Qd2 Qb6 16. Qc2 g6 17. h4 Ba6 18. Bxa6 Qxa6 19. dxc5 Qa5+ 20. Qd2 Qxd2+ 21. Nxd2 Nxc5 22. Ke2 Na4 23. b3 Nc3+ 24. Kd3 Rfc8 25. Rhc1 Nb5 26. Nf3 a5 27. Nd4 Nxd4 1/2-1/2

[Event "Ruhrgebiet Verbandsklasse Gruppe 2 1516"]
[Site "Germany"]
[Date "2015.09.06"]
[Round "1.2"]
[White "Simanowski, Mio"]
[Black "Kropp, Andreas Juergen"]
[Result "1-0"]
[WhiteElo "1917"]
[BlackElo "1940"]
[PlyCount "49"]
[EventDate "2015.09.06"]
[EventType "team-tourn"]
[EventRounds "9"]
[EventCountry "GER"]
[SourceTitle "EXT 2022"]
[Source "ChessBase"]
[SourceDate "2021.10.06"]
[SourceVersion "1"]
[SourceVersionDate "2021.10.06"]
[SourceQuality "1"]
[WhiteTeam "Muelheim Nord IV"]
[BlackTeam "Eichlinghofen SV"]
[WhiteTeamCountry "GER"]
[BlackTeamCountry "GER"]

1. e4 e5 2. Nf3 Nc6 3. Bb5 a6 4. Ba4 b5 5. Bb3 Na5 6. 0-0 d6 7. d4 f6 8. dxe5 Nxb3 9. axb3 dxe5 10. Qxd8+ Kxd8 11. Rd1+ Bd7 12. Nc3 c6 13. Be3 Kc7 14. Bb6+ Kc8 15. Rd2 Be7 16. Ne1 Nh6 17. Nd3 Be6 18. Bc5 Bd8 19. Nb4 Kb7 20. Rd6 Bc8 21. Nxc6 Nf7 22. Nxd8+ Rxd8 23. Rb6+ Kc7 24. Nd5+ Kd7 25. Rd1 1-0

[Event "Dortmund Sparkassen op-B"]
[Site "Dortmund"]
[Date "2015.06.30"]
[Round "4"]
[White "Barth, Hans Joachim"]
[Black "Kropp, Andreas Juergen"]
[Result "0-1"]
[WhiteElo "1727"]
[BlackElo "1960"]
[PlyCount "68"]
[EventDate "2015.06.27"]
[EventType "swiss"]
[EventRounds "9"]
[EventCountry "GER"]
[SourceTitle "CBM 167 Extra"]
[Source "ChessBase"]
[SourceDate "2015.09.14"]
[SourceVersion "1"]
[SourceVersionDate "2015.09.14"]
[SourceQuality "1"]

1. e4 c5 2. Nf3 e6 3. d4 cxd4 4. Nxd4 Nf6 5. Nc3 d6 6. Be2 Nc6 7. Be3 Bd7 8. Nb3 Be7 9. 0-0 0-0 10. f4 Qc7 11. Nb5 Qb8 12. Bf3 Rd8 13. Nc3 b5 14. Qe1 a5 15. a4 Nb4 16. Rf2 bxa4 17. Nxa4 Rc8 18. Nb6 Nxc2 19. Rxc2 Rxc2 20. e5 Nd5 21. Bxd5 exd5 22. Nd4 Qxb6 23. Nxc2 Qxb2 24. Nd4 dxe5 25. fxe5 Bb4 26. Qc1 Qxc1+ 27. Rxc1 Rc8 28. Rb1 Kf8 29. Kf2 Ke8 30. h3 Rc4 31. g4 Kd8 32. Nf5 Bxf5 33. Bb6+ Kd7 34. gxf5 Rf4+ 0-1

[Event "Dortmund Sparkassen op-B"]
[Site "Dortmund"]
[Date "2015.06.29"]
[Round "3"]
[White "Kropp, Andreas Juergen"]
[Black "Ortmeier, Leonhard"]
[Result "1-0"]
[WhiteElo "1960"]
[BlackElo "1687"]
[PlyCount "29"]
[EventDate "2015.06.27"]
[EventType "swiss"]
[EventRounds "9"]
[EventCountry "GER"]
[SourceTitle "CBM 167 Extra"]
[Source "ChessBase"]
[SourceDate "2015.09.14"]
[SourceVersion "1"]
[SourceVersionDate "2015.09.14"]
[SourceQuality "1"]

1. d4 c5 2. d5 e6 3. Nc3 Nf6 4. e4 exd5 5. exd5 d6 6. Bf4 Be7 7. Nf3 0-0 8. Nd2 a6 9. a4 Bf5 10. Be2 Nbd7 11. Nc4 Qc7 12. 0-0 Ne5 13. Bxe5 dxe5 14. d6 Bxd6 15. Qxd6 1-0

[Event "Ruhrgebiet Verbandsklasse Gruppe 3 1415"]
[Site "Germany"]
[Date "2014.09.21"]
[Round "1.3"]
[White "Hein, Erwin"]
[Black "Kropp, Andreas Juergen"]
[Result "1/2-1/2"]
[WhiteElo "1996"]
[BlackElo "1994"]
[PlyCount "24"]
[EventDate "2014.09.21"]
[EventType "team-tourn"]
[EventRounds "9"]
[EventCountry "GER"]
[SourceTitle "EXT 2022"]
[Source "ChessBase"]
[SourceDate "2021.10.06"]
[SourceVersion "1"]
[SourceVersionDate "2021.10.06"]
[SourceQuality "1"]
[WhiteTeam "Dortmund FS"]
[BlackTeam "Eichlinghofen SV"]
[WhiteTeamCountry "GER"]
[BlackTeamCountry "GER"]

1. d4 Nf6 2. c4 g6 3. Nc3 d5 4. Nf3 Bg7 5. e3 c5 6. cxd5 Nxd5 7. Bb5+ Nc6 8. 0-0 0-0 9. h3 cxd4 10. exd4 Nxc3 11. bxc3 Qa5 12. Qb3 Qc7 1/2-1/2

[Event "Dortmund Helmut Kohl"]
[Site "Dortmund"]
[Date "2014.07.13"]
[Round "2"]
[White "Kartsev, Soel"]
[Black "Kropp, Andreas Juergen"]
[Result "1-0"]
[WhiteElo "2256"]
[BlackElo "2058"]
[PlyCount "113"]
[EventDate "2014.07.12"]
[EventType "tourn"]
[EventRounds "9"]
[EventCountry "GER"]
[SourceTitle "CBM 161 Extra"]
[Source "ChessBase"]
[SourceDate "2014.08.29"]
[SourceVersion "1"]
[SourceVersionDate "2014.08.29"]
[SourceQuality "1"]

1. Nf3 c5 2. g3 Nc6 3. Bg2 Nf6 4. c4 d5 5. 0-0 d4 6. a3 a5 7. d3 Bg4 8. Bf4 e6 9. h3 Bh5 10. g4 Bg6 11. Ne5 Nxe5 12. Bxe5 Nd7 13. Bg3 Ra7 14. a4 e5 15. Na3 Qc8 16. f4 f6 17. e3 dxe3 18. Qe2 Ra6 19. fxe5 Nxe5 20. Bxe5 fxe5 21. Qxe3 Bd6 22. Nb5 Bb8 23. Bd5 Rf6 24. Rxf6 gxf6 25. Qf3 Qd8 26. Re1 Rf8 27. h4 f5 28. g5 h6 29. Bxb7 Kf7 30. Qd5+ Kg7 31. gxh6+ Kxh6 32. Qxc5 Rg8 33. Bd5 Qxh4 34. Kf1 Qh3+ 35. Ke2 Bh5+ 36. Kd2 e4 37. Qb6+ Kg7 38. Rg1+ Bg4 39. Qd4+ Kh6 40. Qf6+ Kh7 41. Bxg8+ Kxg8 42. Qg5+ Kh7 43. Qe3 Qh2+ 44. Kc3 Be5+ 45. Nd4 Bf4 46. Qe1 Bd2+ 47. Qxd2 Qxg1 48. dxe4 fxe4 49. Nc2 Bf3 50. Ne3 Qg5 51. Qd4 Qg1 52. c5 Qe1+ 53. Kc4 Qb4+ 54. Kd5 Qb7+ 55. c6 Qf7+ 56. Kd6 Qf8+ 57. Kc7 1-0

[Event "NRW Verbandsklasse Group3 1314"]
[Site "Nordrheinwestfalen"]
[Date "2014.01.26"]
[Round "6.4"]
[White "Kropp, Andreas Juergen"]
[Black "Wortmann, Dirk"]
[Result "0-1"]
[WhiteElo "1989"]
[BlackElo "1975"]
[PlyCount "62"]
[EventDate "2013.09.08"]
[EventType "team-tourn"]
[EventRounds "9"]
[EventCountry "GER"]
[SourceTitle "EXT 2020"]
[Source "ChessBase"]
[SourceDate "2019.10.17"]
[SourceVersion "1"]
[SourceVersionDate "2019.10.17"]
[SourceQuality "1"]
[WhiteTeam "Eichlinghofen SV"]
[BlackTeam "Oberhausen SV II"]
[WhiteTeamCountry "GER"]
[BlackTeamCountry "GER"]

1. Nf3 d5 2. d4 Nf6 3. c4 e6 4. Nc3 Be7 5. Bf4 0-0 6. e3 Nbd7 7. cxd5 Nxd5 8. Bg3 Nxc3 9. bxc3 c5 10. Bd3 cxd4 11. cxd4 Nf6 12. 0-0 b6 13. Rc1 Bd7 14. Bc7 Qe8 15. Qc2 Bb5 16. Be5 Bxd3 17. Qxd3 Rc8 18. Ng5 g6 19. Qa6 Qd7 20. h3 h6 21. Nf3 Rfd8 22. Bf4 g5 23. Ne5 Qe8 24. Bh2 Nd5 25. Qxa7 Ra8 26. Qb7 Rxa2 27. e4 Nf4 28. Bxf4 gxf4 29. Rc7 Bd6 30. Rxf7 Bxe5 31. dxe5 Qxf7 0-1

[Event "Ruhrgebiet Verbandsliga1 1213"]
[Site "Nordrheinwestfalen"]
[Date "2013.04.07"]
[Round "8.3"]
[White "Kropp, Andreas Juergen"]
[Black "Kiese, Matthias"]
[Result "1/2-1/2"]
[WhiteElo "1880"]
[BlackElo "2125"]
[PlyCount "48"]
[EventDate "2012.09.02"]
[EventType "team-tourn"]
[EventRounds "9"]
[EventCountry "GER"]
[SourceTitle "EXT 2020"]
[Source "ChessBase"]
[SourceDate "2019.10.17"]
[SourceVersion "1"]
[SourceVersionDate "2019.10.17"]
[SourceQuality "1"]
[WhiteTeam "Eichlinghofen SV"]
[BlackTeam "Bochum SV II"]
[WhiteTeamCountry "GER"]
[BlackTeamCountry "GER"]

1. c4 e6 2. g3 d5 3. Bg2 Nf6 4. Nf3 Be7 5. 0-0 0-0 6. b3 c5 7. e3 Nc6 8. cxd5 Nxd5 9. Bb2 Bf6 10. Bxf6 Qxf6 11. Na3 b6 12. Nc4 Rd8 13. Qc2 Ba6 14. a3 Rac8 15. Rfd1 Nde7 16. Rac1 Nf5 17. Qb1 b5 18. Nb2 Na5 19. Qa2 Bb7 20. Ne1 Bxg2 21. Kxg2 e5 22. a4 b4 23. Nc4 Nxc4 24. Rxc4 Nd6 1/2-1/2

[Event "NRW Class2 1112"]
[Site "Germany"]
[Date "2012.04.29"]
[Round "9.7"]
[White "Niermann, Rainer"]
[Black "Kropp, Andreas Juergen"]
[Result "1-0"]
[WhiteElo "2027"]
[BlackElo "1923"]
[PlyCount "57"]
[EventDate "2011.09.18"]
[EventType "team-tourn"]
[EventRounds "9"]
[EventCountry "GER"]
[SourceTitle "EXT 2015"]
[Source "ChessBase"]
[SourceDate "2014.11.20"]
[SourceVersion "1"]
[SourceVersionDate "2014.11.20"]
[SourceQuality "1"]
[WhiteTeam "Muenster SK II"]
[BlackTeam "Dortmund Hansa II"]
[WhiteTeamCountry "GER"]
[BlackTeamCountry "GER"]

1. e4 c5 2. Nc3 Nc6 3. g3 Rb8 4. f4 d6 5. Nf3 Bg4 6. h3 Bxf3 7. Qxf3 Nf6 8. d3 e6 9. Bg2 Be7 10. 0-0 0-0 11. Be3 Nd7 12. g4 Bf6 13. Kh1 Qa5 14. Nd1 Qa4 15. Qf2 Qa6 16. e5 dxe5 17. f5 exf5 18. Qxf5 Rbd8 19. g5 Be7 20. Bd5 Nd4 21. Bxf7+ Kh8 22. Bxd4 exd4 23. Nf2 Bd6 24. Ne4 Ne5 25. g6 hxg6 26. Qg5 Nxf7 27. Rxf7 Kg8 28. Rxf8+ Rxf8 29. Qd5+ 1-0

[Event "Ruhrgebiet Verbandsliga1 1112"]
[Site "Nordrheinwestfalen"]
[Date "2012.04.22"]
[Round "9.6"]
[White "Ebert, Manfred"]
[Black "Kropp, Andreas Juergen"]
[Result "1/2-1/2"]
[WhiteElo "1873"]
[BlackElo "1934"]
[PlyCount "33"]
[EventDate "2012.09.18"]
[EventType "team-tourn"]
[EventRounds "9"]
[EventCountry "GER"]
[SourceTitle "EXT 2020"]
[Source "ChessBase"]
[SourceDate "2019.10.17"]
[SourceVersion "1"]
[SourceVersionDate "2019.10.17"]
[SourceQuality "1"]
[WhiteTeam "Buer SF"]
[BlackTeam "Dortmund Hansa III"]
[WhiteTeamCountry "GER"]
[BlackTeamCountry "GER"]

1. g3 Nf6 2. Bg2 d5 3. d3 e5 4. c4 Nc6 5. cxd5 Nxd5 6. Nf3 Be7 7. 0-0 0-0 8. a3 Kh8 9. b4 a6 10. Bb2 f6 11. e4 Nb6 12. d4 Nc4 13. Bc3 Bg4 14. d5 Nb8 15. Qd3 Nd6 16. Nbd2 Qd7 17. Nb3 1/2-1/2

[Event "Ruhrgebiet Verbandsliga1 1112"]
[Site "Nordrheinwestfalen"]
[Date "2011.12.11"]
[Round "4.4"]
[White "Limbourg, Philipp"]
[Black "Kropp, Andreas Juergen"]
[Result "1/2-1/2"]
[WhiteElo "2084"]
[BlackElo "1934"]
[PlyCount "35"]
[EventDate "2012.09.18"]
[EventType "team-tourn"]
[EventRounds "9"]
[EventCountry "GER"]
[SourceTitle "EXT 2020"]
[Source "ChessBase"]
[SourceDate "2019.10.17"]
[SourceVersion "1"]
[SourceVersionDate "2019.10.17"]
[SourceQuality "1"]
[WhiteTeam "Muelheim Nord III"]
[BlackTeam "Dortmund Hansa III"]
[WhiteTeamCountry "GER"]
[BlackTeamCountry "GER"]

1. e4 c5 2. Nc3 Nc6 3. Bb5 Qc7 4. Nd5 Qb8 5. Bxc6 dxc6 6. Nc3 Nf6 7. d3 e5 8. Nge2 Bd6 9. 0-0 Nd7 10. Kh1 Nf8 11. Be3 Ne6 12. Qd2 0-0 13. f4 exf4 14. Nxf4 b6 15. Rae1 Be5 16. Nxe6 Bxe6 17. Bf4 Qd6 18. Bxe5 1/2-1/2

[Event "Ruhrgebiet Verbandsliga1 1112"]
[Site "Nordrheinwestfalen"]
[Date "2011.11.13"]
[Round "3.6"]
[White "Kropp, Andreas Juergen"]
[Black "Schriewer, Thomas"]
[Result "0-1"]
[WhiteElo "1962"]
[BlackElo "1948"]
[PlyCount "95"]
[EventDate "2012.09.18"]
[EventType "team-tourn"]
[EventRounds "9"]
[EventCountry "GER"]
[SourceTitle "EXT 2020"]
[Source "ChessBase"]
[SourceDate "2019.10.17"]
[SourceVersion "1"]
[SourceVersionDate "2019.10.17"]
[SourceQuality "1"]
[WhiteTeam "Dortmund Hansa III"]
[BlackTeam "Herne Sodingen II"]
[WhiteTeamCountry "GER"]
[BlackTeamCountry "GER"]

1. c4 c6 2. Nc3 d5 3. e3 Nf6 4. Nf3 Bg4 5. Qb3 Qb6 6. cxd5 Qxb3 7. axb3 cxd5 8. Nb5 Kd8 9. Ne5 Bh5 10. Nxa7 Ke8 11. Bb5+ Nfd7 12. Ra4 f6 13. g4 fxe5 14. gxh5 Kf7 15. Nc8 Rxa4 16. bxa4 Nf6 17. Nb6 e6 18. b3 Bc5 19. a5 Bb4 20. Bb2 Bxa5 21. Na4 Rc8 22. Bd3 e4 23. Bb1 Na6 24. f3 exf3 25. Rf1 Nxh5 26. Rxf3+ Nf6 27. Rh3 h6 28. Kd1 Nb8 29. Rh4 Nc6 30. Nc5 Rc7 31. Nd3 Rd7 32. b4 Bc7 33. b5 Nd8 34. Nc5 Re7 35. Ba3 Bd6 36. d4 b6 37. Nd3 Bxa3 38. Ne5+ Kg8 39. Bg6 Rc7 40. e4 dxe4 41. Kd2 Bc1+ 42. Kd1 Bg5 43. Rh3 Rc1+ 44. Ke2 Rc2+ 45. Ke1 Rc1+ 46. Ke2 e3 47. Rf3 Nd5 48. Nd7 0-1

[Event "Dortmund Sparkassen op-A"]
[Site "Dortmund"]
[Date "2011.07.27"]
[Round "5"]
[White "Kropp, Andreas Juergen"]
[Black "Fluechter, Gregor"]
[Result "1/2-1/2"]
[WhiteElo "2126"]
[BlackElo "1832"]
[PlyCount "60"]
[EventDate "2011.07.23"]
[EventType "swiss"]
[EventRounds "9"]
[EventCountry "GER"]
[SourceTitle "CBM 143 Extra"]
[Source "ChessBase"]
[SourceDate "2011.08.29"]
[SourceVersion "1"]
[SourceVersionDate "2011.08.29"]
[SourceQuality "1"]

1. c4 e6 2. Nc3 c5 3. Nf3 Nc6 4. d4 cxd4 5. Nxd4 d5 6. Bf4 a6 7. cxd5 exd5 8. e3 Nf6 9. Be2 Bc5 10. Bg5 Bxd4 11. exd4 Be6 12. Qd2 0-0 13. 0-0 h6 14. Bf4 Re8 15. Rfd1 b5 16. Rac1 Rc8 17. a4 b4 18. Na2 Ne4 19. Qd3 a5 20. b3 Bf5 21. Qf3 Qf6 22. Be3 Ne7 23. Bb5 Red8 24. Qe2 Bg6 25. f3 Nd6 26. Ba6 Ra8 27. g4 Qe6 28. Bf4 Qxe2 29. Bxe2 f5 30. Rc7 Nec8 1/2-1/2

[Event "Ruhrgebiet Verbandsliga1 1011"]
[Site "Nordrheinwestfalen"]
[Date "2011.03.20"]
[Round "8.6"]
[White "Kropp, Andreas Juergen"]
[Black "Marx, Henning"]
[Result "1/2-1/2"]
[WhiteElo "1966"]
[BlackElo "1968"]
[PlyCount "91"]
[EventDate "2011.09.12"]
[EventType "team-tourn"]
[EventRounds "9"]
[EventCountry "GER"]
[SourceTitle "EXT 2020"]
[Source "ChessBase"]
[SourceDate "2019.10.17"]
[SourceVersion "1"]
[SourceVersionDate "2019.10.17"]
[SourceQuality "1"]
[WhiteTeam "Dortmund Hansa III"]
[BlackTeam "Hattingen"]
[WhiteTeamCountry "GER"]
[BlackTeamCountry "GER"]

1. d4 d5 2. Nf3 Nf6 3. c4 c6 4. cxd5 cxd5 5. Nc3 e6 6. Bf4 Bd6 7. Ne5 0-0 8. e3 a6 9. Bd3 Nc6 10. 0-0 Qc7 11. Rc1 Bd7 12. Nxd7 Qxd7 13. Bg5 Be7 14. Na4 Qc7 15. Nc5 Rfc8 16. Qf3 Ne8 17. Bf4 Bd6 18. Qh3 Bxf4 19. Qxh7+ Kf8 20. exf4 b6 21. Qh8+ Ke7 22. Qh4+ Nf6 23. Nb3 Qd6 24. Qg5 Rh8 25. h3 g6 26. Rc3 Rh5 27. Qg3 Nb4 28. Bb1 a5 29. a3 a4 30. Nd2 Nc6 31. Qe3 Na5 32. Rfc1 b5 33. Bd3 Nc4 34. Nxc4 bxc4 35. Be2 Rhh8 36. Bf3 Rab8 37. Rb1 Rb6 38. Qd2 Rhb8 39. g3 R8b7 40. Qc2 Qd7 41. Re3 Kf8 42. Kg2 Ne8 43. Qd2 Nd6 44. Re2 Qb5 45. g4 Qb3 46. f5 1/2-1/2

[Event "Ruhrgebiet Verbandsliga1 1011"]
[Site "Nordrheinwestfalen"]
[Date "2010.10.24"]
[Round "2.7"]
[White "Kropp, Andreas Juergen"]
[Black "Faust, Dieter"]
[Result "1-0"]
[WhiteElo "1966"]
[BlackElo "1815"]
[PlyCount "55"]
[EventDate "2011.09.12"]
[EventType "team-tourn"]
[EventRounds "9"]
[EventCountry "GER"]
[SourceTitle "EXT 2020"]
[Source "ChessBase"]
[SourceDate "2019.10.17"]
[SourceVersion "1"]
[SourceVersionDate "2019.10.17"]
[SourceQuality "1"]
[WhiteTeam "Dortmund Hansa III"]
[BlackTeam "Kirchhellen SF"]
[WhiteTeamCountry "GER"]
[BlackTeamCountry "GER"]

1. d4 d5 2. Nf3 Nf6 3. c4 e6 4. Nc3 a6 5. cxd5 Nxd5 6. e4 Nxc3 7. bxc3 Be7 8. Bd3 Nd7 9. 0-0 0-0 10. Bf4 b5 11. a4 b4 12. cxb4 Bxb4 13. e5 Be7 14. Qe2 Bb7 15. Rab1 Qc8 16. Ng5 g6 17. Nxh7 Rd8 18. Bg5 Bxg5 19. Nxg5 Nf8 20. Qe3 Rd7 21. Be4 Bxe4 22. Nxe4 Nh7 23. Rfd1 Qd8 24. Rb3 Qe7 25. Qf4 Rf8 26. Nf6+ Nxf6 27. exf6 Qd8 28. Rh3 1-0